000 00738nam a2200289Ia 4500
005 20260324150326.0
008 008 260324s9999 xx 000 0 eng d
020 _a9780429028878
037 _aEBOOK
040 _aCRL
040 _beng
040 _cCRL
041 _2eng
041 _aeng
084 _qCRL
100 _aJean Wahl; F.M. Lory
_91226035
245 0 _aPhilosophies of Existence
245 3 _bAn Introduction to the Basic Thought of Kierkegaard, Heidegger, Jaspers, Marcel, Sartre
260 _bTaylor and Francis
260 _c1969
365 _a
365 _b145
856 _uhttp://www.taylorfrancis.com/books/9780429028878
942 _cEBOOK
999 _c1835289
_d1835289